A study in the analysis of stationary time series (Record no. 2300)

MARC details
000 -LEADER
fixed length control field 00484nam a2200157Ia 4500
003 - CONTROL NUMBER IDENTIFIER
control field IN-BaIIA
008 - FIXED-LENGTH DATA ELEMENTS--GENERAL INFORMATION
fixed length control field 211028s9999 xx 000 0 eng d
040 ## - CATALOGING SOURCE
Transcribing agency IIA Library
080 ## - UNIVERSAL DECIMAL CLASSIFICATION NUMBER
Universal Decimal Classification number 519.246.8
Item number WOL
100 ## - MAIN ENTRY--PERSONAL NAME
Personal name Wold Herman
9 (RLIN) 4119
245 #2 - TITLE STATEMENT
Title A study in the analysis of stationary time series
Statement of responsibility, etc. Herman Wold
260 ## - PUBLICATION, DISTRIBUTION, ETC.
Place of publication, distribution, etc. Stockholm
Name of publisher, distributor, etc. Almqvist and Wiksell
Date of publication, distribution, etc. 1938
300 ## - PHYSICAL DESCRIPTION
Extent viii, 236p.
650 ## - SUBJECT ADDED ENTRY--TOPICAL TERM
Topical term or geographic name entry element Time series
9 (RLIN) 4120
942 ## - ADDED ENTRY ELEMENTS (KOHA)
Koha item type Books
Holdings
Withdrawn status Lost status Damaged status Not for loan Home library Current library Shelving location Date acquired Cost, normal purchase price Total Checkouts Full call number Barcode Date last seen Cost, replacement price Price effective from Koha item type Purchase Price
        IIA Library-Bangalore IIA Library-Bangalore General Stacks   23.44   519.246.8/ WOL 2577 05/11/2021 23.44   Books Rs. 23.44

Powered by Koha